000 01124nam a2200277Ia 4500
003 OSt
005 20221005104430.0
006 a|||||r|||| 00| 0
007 ta
008 221004b |||||||| |||| 00| 0 hin d
020 _a9788176673129 (hbk)
_c350
024 _a25676
037 _b2339, 19/03/2016, Success Book Service
_cTextual
040 _aCRL
_cCRL
_bhin
041 _2hin
_ahin
082 _aNW44:g(Y15), 152Q5
100 _aचन्द्रा, मुदिता
245 0 _aनारी अस्मिता और भारतीय हिन्दी सिनेमा
246 _aNārī asmitā aur bhāratīya hindī sinemā
260 _aदिल्ली
_bभावना प्रकाशन भारत
_c2015
300 _a176पृ0
_ccm.
650 _aल्थ्ल्त् क्ल्ज्ञ
700 _a समर्पिता, जूही
942 _hNW44:g(Y15), 152Q5
_cTEXL
_2cc
999 _c1012708
_d1012708